How to do your case study : (Record no. 4264)

MARC details
000 -LEADER
fixed length control field 00629nam a22002052 4500
001 - CONTROL NUMBER
control field 0000021243
005 - DATE AND TIME OF LATEST TRANSACTION
control field 20151217145932.0
008 - FIXED-LENGTH DATA ELEMENTS--GENERAL INFORMATION
fixed length control field 120207s xx 000 0 eng d
020 ## - INTERNATIONAL STANDARD BOOK NUMBER
International Standard Book Number 0857025630 :
040 ## - CATALOGING SOURCE
Original cataloging agency KABU
Transcribing agency KABU
100 1# - MAIN ENTRY--PERSONAL NAME
Personal name Thomas, Gary.
-- 0000182040
245 10 - TITLE STATEMENT
Title How to do your case study :
Remainder of title a guide for students and researchers /
Statement of responsibility, etc. Gary Thomas.
250 ## - EDITION STATEMENT
Edition statement 1st ed.
260 ## - PUBLICATION, DISTRIBUTION, ETC. (IMPRINT)
Place of publication, distribution, etc. Los Angeles :
Name of publisher, distributor, etc. Sage,
Date of publication, distribution, etc. 2011.
300 ## - PHYSICAL DESCRIPTION
Extent xi, 231 p.
650 #0 - SUBJECT ADDED ENTRY--TOPICAL TERM
Topical term or geographic name as entry element Social sciences
General subdivision Research
-- Methodology.
-- 0000149846
852 1# - LOCATION
-- p4782.40 KES
908 ## - PUT COMMAND PARAMETER (RLIN)
Put command parameter 120207
950 ## - LOCAL HOLDINGS (RLIN)
-- 1
Holdings
Withdrawn status Lost status Source of classification or shelving scheme Not for loan Home library Current library Date acquired Total Checkouts Full call number Barcode Date last seen Price effective from Koha item type
    Library of Congress Classification   Kabarak, Main Campus Kabarak, Main Campus 17/12/2015   H62 .T46 2011 c.2 013826 02/08/2024 17/12/2015 General Collection
    Library of Congress Classification   Kabarak, Main Campus Kabarak, Main Campus 17/12/2015   H62 .T46 2011 c.1 20592 02/08/2024 17/12/2015 General Collection
Designed with assistance from East African Informatics Ltd